2017 MLB Network Top 100 Players Right Now - Statistics

General Stats
  • This quiz has been taken 17 times
  • The average score is 64 of 100
Answer Stats
Rank Team Position Player % Correct
1. LAA CF Mike Trout
100%
54. PIT CF Andrew McCutchen
90%
16. CHC 1B Anthony Rizzo
90%
70. SFG 1B Brandon Belt
90%
9. WAS RF Bryce Harper
90%
17. SFG C Buster Posey
90%
20. HOU SS Carlos Correa
90%
40. MIA CF Christian Yelich
90%
2. LAD SP Clayton Kershaw
90%
19. CLE SS Francisco Lindor
90%
18. ATL 1B Freddie Freeman
90%
22. MIA RF Giancarlo Stanton
90%
10. CIN 1B Joey Votto
90%
66. CHW 1B Jose Abreu
90%
5. HOU 2B Jose Altuve
90%
3. TOR 3B Josh Donaldson
90%
43. DET SP Justin Verlander
90%
4. CHC 3B Kris Bryant
90%
23. SFG SP Madison Bumgarner
90%
7. BAL 3B Manny Machado
90%
6. DET 1B Miguel Cabrera
90%
8. BOS RF Mookie Betts
90%
12. COL 3B Nolan Arenado
90%
13. ARI 1B Paul Goldschmidt
90%
98. KCR C Salvador Perez
90%
27. TEX 3B Adrian Beltre
80%
38. CLE RP Andrew Miller
80%
83. BAL 1B Chris Davis
80%
30. BOS SP Chris Sale
80%
25. CLE SP Corey Kluber
80%
11. LAD SS Corey Seager
80%
41. HOU CF George Springer
80%
48. NYM SP Jacob deGrom
80%
28. CHC SP Jake Arrieta
80%
56. LAD 3B Justin Turner
80%
65. LAD RP Kenley Jansen
80%
71. OAK LF Khris Davis
80%
37. SEA 3B Kyle Seager
80%
14. WAS SP Max Scherzer
80%
34. SEA DH Nelson Cruz
80%
24. NYM SP Noah Syndergaard
80%
15. SEA 2B Robinson Cano
80%
33. PIT LF Starling Marte
80%
45. WAS SS Trea Turner
80%
89. COL SS Trevor Story
80%
85. CHC RP Wade Davis
80%
97. STL C Yadier Molina
80%
78. TOR SP Aaron Sanchez
70%
94. WAS 3B Anthony Rendon
70%
52. NYY RP Aroldis Chapman
70%
42. SFG SS Brandon Crawford
70%
93. CLE 1B Carlos Santana
70%
80. NYY C Gary Sanchez
70%
29. CHC SP Jon Lester
70%
92. KCR CF Lorenzo Cain
70%
88. TOR SS Troy Tulowitzki
70%
44. BOS SS Xander Bogaerts
70%
64. ARI SP Zack Greinke
70%
91. LAD 1B Adrian Gonzalez
60%
60. COL RF Carlos Gonzalez
60%
57. TBR 3B Evan Longoria
60%
79. BOS 1B Hanley Ramirez
60%
76. CLE 2B Jason Kipnis
60%
72. CHC LF Kyle Schwarber
60%
67. WAS SP Stephen Strasburg
60%
21. NYM LF Yoenis Cespedes
60%
87. CHC SS Addison Russell
50%
69. CHC UTIL Ben Zobrist
50%
35. MIN 2B Brian Dozier
50%
36. COL CF Charlie Blackmon
50%
50. BOS SP David Price
50%
55. BOS 2B Dustin Pedroia
50%
49. DET 2B Ian Kinsler
50%
73. BOS CF Jackie Bradley Jr.
50%
84. DET LF Justin Upton
50%
95. BOS SP Rick Porcello
50%
32. MIL LF Ryan Braun
50%
75. CLE SP Carlos Carrasco
40%
86. STL SP Carlos Martinez
40%
31. WAS 2B Daniel Murphy
40%
62. STL CF Dexter Fowler
40%
51. DET RF JD Martinez
40%
59. CHC SP Kyle Hendricks
40%
39. BAL RP Zack Britton
40%
46. ARI CF AJ Pollock
30%
82. NYY RP Dellin Betances
30%
63. COL 2B DJ LeMahieu
30%
47. SFG SP Johnny Cueto
30%
74. CLE LF Michael Brantley
30%
100. TEX SP Yu Darvish
30%
61. WAS CF Adam Eaton
20%
96. TEX SP Cole Hamels
20%
26. CLE 1B Edwin Encarnacion
20%
53. TEX C Jonathan Lucroy
20%
68. NYY SP Masahiro Tanaka
20%
90. LAD C Yasmani Grandal
20%
77. CHW SP Jose Quintana
10%
81. SFG RP Mark Melancon
10%
58. STL 1B Matt Carpenter
10%
99. TBR C Willson Ramos
10%
No matching quizzes found
Score Distribution
Percent of People with Each Score
Percentile by Number Answered
Your Score History
You have not taken this quiz